| 000 | 00803nam a2200205 a 4500 | ||
|---|---|---|---|
| 005 | 20230524063628.0 | ||
| 008 | 991125s1997 mx 000 0 spa u | ||
| 035 | _aUPN01000002184 | ||
| 049 | _aTES | ||
| 099 | _a13391 | ||
| 100 | 1 | _aEstrada Rey, Laura Imelda | |
| 245 | 1 | 0 |
_aAlternativas didácticas para favorecer la resolución de problemas aditivos simples en el niño de segundo grado / _cLaura Imelda Estrada Rey. |
| 260 |
_aHidalgo del Parral, Chih : _bL.I. Estrada Rey, _c1997. |
||
| 300 |
_a37 h. + _eanexos |
||
| 500 | _a"Unidad 08C" | ||
| 502 | _aTesina (Lic. en Educación Básica) -- Universidad Pedagógica Nacional, 1997 | ||
| 650 | 4 |
_aMatemáticas _xEstudio y enseñanza (Elemental) _92809 |
|
| 710 | 2 |
_aUniversidad Pedagógica Nacional (México). _bUnidad 08C _928410 |
|
| 905 | _aTesis | ||
| 999 |
_c2184 _d2184 |
||